Λίχτενμπεργκ : επιλογή από τα Sudelbucher

Saved in:
Bibliographic Details
Main Author: Lichtenberg, Georg Christoph, 1742-1799
Other Authors: Κονδύλης, Παναγιώτης, 1943-1998 (Author of introduction, etc., Translator)
Format: Book
Language:Greek
German
Published: Αθήνα : Στιγμή, 1992.
Series:Στοχασμοί ; 2
Subjects:
Tags: Add Tag
No Tags, Be the first to tag this record!

MARC

LEADER 00000nam a2200000 a 4500
001 1/126958
008 230704s1992####gr | ||| |||| ||gre||
020 |a 9602691166 
040 |a GR-MyUa  |b gre  |c GR-MyUa  |e AACR2 
041 1 |a gre  |h ger 
082 7 |a 838   |2 (23) 
100 1 |a Lichtenberg, Georg Christoph,   |d 1742-1799. 
245 1 0 |a Λίχτενμπεργκ :   |b επιλογή από τα Sudelbucher /   |c εισαγωγή, μετάφραση Παναγιώτης Κονδύλης. 
260 |a Αθήνα :   |b Στιγμή,   |c 1992. 
300 |a 136 σ. ;   |c 20 εκ.  
490 1 |a (Στοχασμοί ;   |v 2) 
650 0 |a Aphorisms and apothegms. 
700 1 |a Κονδύλης, Παναγιώτης,   |d 1943-1998,  |e aui  |e trl 
830 0 |a Στοχασμοί ;  |v 2 
852 |a INST  |b SYROS  |e 20230703  |h 383 LIC  |p 005500016016  |q 005500016016  |t BK  |y 0 
970 |a Κοντού  |b Παρασκευή  |z 04/07/2023